| 000 | 00462nam a2200157Ia 4500 | ||
|---|---|---|---|
| 008 | 210716s1996 xx 000 0 und d | ||
| 020 | _a815150947 | ||
| 041 | _aeng | ||
| 082 | _a005.26301 COXJ | ||
| 100 | _aCox, Joyce; Urban, Polly | ||
| 245 |
_aQuick course in microsoft office: for windows 95 and windows nt. _bFor windows 95 and windows nt. |
||
| 250 | _a1 | ||
| 260 |
_aNew Delhi _bGalgotia Publication Pvt Ltd _c1996 |
||
| 300 | _a284 | ||
| 650 | _aNone | ||
| 999 |
_c183560 _d183560 |
||